(R.A No. 9165) Comprehensive dangerous drugs act of 2002 / (Record no. 354804)
[ view plain ]
| 000 -LEADER | |
|---|---|
| fixed length control field | 00298nam a2200097Ia 4500 |
| 008 - FIXED-LENGTH DATA ELEMENTS--GENERAL INFORMATION | |
| fixed length control field | 180205s9999 xx 000 0 und d |
| 020 ## - INTERNATIONAL STANDARD BOOK NUMBER | |
| International Standard Book Number | 9712335135 |
| 245 ## - TITLE STATEMENT | |
| Title | (R.A No. 9165) Comprehensive dangerous drugs act of 2002 / |
| 260 ## - PUBLICATION, DISTRIBUTION, ETC. (IMPRINT) | |
| Place of publication, distribution, etc | Recto Avenue City |
| Name of publisher, distributor, etc | REX book store |
| Date of publication, distribution, etc | 2002 |
| 300 ## - PHYSICAL DESCRIPTION | |
| Extent | iii, 84 pages |
| Withdrawn status | Lost status | Damaged status | Home library | Current library | Shelving location | Date acquired | Source of acquisition | Total Checkouts | Full call number | Barcode | Date last seen | Price effective from | Koha item type |
|---|---|---|---|---|---|---|---|---|---|---|---|---|---|
| College Library | College Library | Filipiniana Section | 02/05/2018 | Library Fund | KPM 4404 .R279 2002 | C0980 | 05/08/2018 | 02/05/2018 | Books |